Makroekonomická stabilizácia - veľká kríza 1989-199?

Bývalý vicepremiér slovinskej vlády profesor Jože Mencinger z Ľubľanskej univerzity o recesii v transformačnom procese v postkomunistických krajinách. Nesplnené očakávania úspešného priebehu transformácie v Slovinsku. Pohyb devíz po zavedení slovinského toliara a kolísavého devízového kurzu. Riešeni...

Descripción completa

Guardado en:
Detalles Bibliográficos
Autor principal: Mencinger, J.
Formato: Capítulo de libro
Lenguaje:eslovaco
Materias:
Etiquetas: Agregar Etiqueta
Sin Etiquetas, Sea el primero en etiquetar este registro!

MARC

LEADER 00000naa a2200000 4500
001 r020037
005 20230801103455.9
041 0 |a slo 
044 |a SK 
245 1 0 |a Makroekonomická stabilizácia - veľká kríza 1989-199?  |c J. Mencinger 
520 |a Bývalý vicepremiér slovinskej vlády profesor Jože Mencinger z Ľubľanskej univerzity o recesii v transformačnom procese v postkomunistických krajinách. Nesplnené očakávania úspešného priebehu transformácie v Slovinsku. Pohyb devíz po zavedení slovinského toliara a kolísavého devízového kurzu. Riešenie zamestnanosti. (Pokračovanie článkov z 30.1. a 31.1.1996.) 
610 2 0 |a Slovinsko 
610 2 0 |a východná Európa 
610 2 0 |a 1989-1996 
610 2 0 |a stabilizácia hospodárstva 
610 2 0 |a transformácia 
100 1 |a Mencinger, J.